000 00348nam a22001217a 4500
082 _a540 HAN'L
100 _aLARGE, N.P
_957361
245 _aHANDBOOK OF CHEMISTRY A REFERENCE VOLUME FOR ALL REQUIRING READING ACCESS TO CHEMICAL AND PHYSICAL DATA
250 _a10TH
260 _aNEWYORK
_bMCGRAW HILL
_c1961
300 _aXIII, 1969P
942 _cBK
999 _c567650
_d567650